000
00323nam a2200121Ia 4500
008
220204s9999 xx 000 0 und d
082
_a
632.9
_b
JOS
100
_a
JOSEPH, A K
245
0
_a
Sasyasamrakshanam(Crop protection)
260
_a
Trivandrum
_b
State Inst of Languages
_c
1970
650
_a
Crop protection
942
_c
BK
999
_c
22835
_d
22835